Statistics for Big West College Basketball Teams

Click here to take the quiz!

General Stats

  • This quiz has been taken 12 times
  • The average score is 8 of 11

Answer Stats

SchoolTeam Name/Colors% Correct
Cal PolyMustangs
89%
HawaiiRainbow Warriors
89%
CS FullertonTitans
78%
Long Beach StateBeach
78%
UC San DiegoTritons
78%
UC Santa BarbaraGauchos
78%
CS BakersfieldRoadrunners
67%
UC DavisAggies
67%
UC IrvineAnteaters
67%
CS NorthridgeMatadors
56%
UC RiversideHighlanders
44%

Score Distribution

Percentile by Number Answered

Percent of People with Each Score

Your Score History

You have not taken this quiz